La edad helenística /

Guardado en:
Autor Principal: Weber
Formato: Deslizar
Series:La tradición de Occidente
Materias:
Etiquetas: Agregar Etiqueta
Sin Etiquetas, Sea el primero en etiquetar este registro!
LEADER 01165ngm a22003495g 4500
001 CEM.cems022197
008 130507b1996##################0###0#####d
005 20241009171350.0
245 1 0 |a La edad helenística /  |c Weber. 
300 |a 25'. 
490 0 |a La tradición de Occidente 
500 |a En soporte VHS, consultar en ventanilla. 
505 0 |a Apertura griega después del debilitamiento de la polis. El arte de la arqueología. Alejandría. Alejandro. Actitud de los filósofos. Cínicos. Diógenes. el hedonismo. Epicuro. Xenón. El estoicismo. Cultos paganos. Misterios. 
538 |a Soporte: VHS - Norma: Pal N - Color - Grabación DRD 1996 - Hitachi=2410 
100 1 |a Weber 
082 9 4 |/ WEB 
653 |a HISTORIA ANTIGUA 
653 |a GRECIA 
653 |a POLIS 
653 |a ARTE GRIEGA 
653 |a ALEJANDRIA 
653 |a DIOGENES 
653 |a CINICOS 
653 |a HEDONISMO 
653 |a EPICURO 
653 |a XENON 
653 |a ESTOICISMO 
653 |a FILOSOFOS 
653 |a PAGANOS 
653 |a NIVEL PRIMARIO 
653 |a NIVEL SECUNDARIO 
859 |a CEMS  |b BIB. CEMS - Depto. Recursos Didacticos  |h 940  |i WEB  |k DRD  |p 840.12  |t Ej.1